Excellence is a habit : how to avoid quality burnout

Bibliographic Details
Main Author: Barry, Thomas J.
Corporate Author: Title
Format: Book
Published: Selangor : Golden Books Centre , 1996
Subjects:

MARC

LEADER 00000cam a2200000 7i4500
001 0000014730
005 20080305.0
008 080305
020 |a 9837202963 
090 0 0 |a 658.4012   |b BAR 
100 0 |a Barry, Thomas J. 
245 1 0 |a Excellence is a habit :   |b how to avoid quality burnout   |c Thomas J. Barry 
260 |a Selangor :   |b Golden Books Centre ,   |c 1996 
650 0 |a Business planning 
650 0 |a Excellence 
650 0 |a Strategic planning 
650 0 |a Total quality management 
710 0 |a Title 
999 |a 0001011756   |b Book   |c Adult Collection   |e Cawangan Urban Transformation Centre 
999 |a 0001011757   |b Book   |c Adult Collection   |e Perbadanan Perpustakaan Awam Johor